00688nam a2200181 a 450000100100000000500170001000800410002702000150006804000250008310000410010824500920014925000120024126000400025330000210029350000700031495201050038499900170048900004334720201002040832.0140310s1991 ve 000 0 spa d a9803170074 aDO-SdBNPbspacBNPHU1 aRodríguez Rabanal, César.97098710aCicatrices de la Pobreza :bun estudio psicoanalítico /cCésar Rodríguez Rabanal. a2a. ed. aVenezuela :bNueva Sociedad,c1991. a240 p. ;c23 cm. aIncluye datos biográficos del autor en la solapa de la cubierta 001050718MOaGRbGRcCTd2014-03-10iLF1l0o p43347-10r2020-06-25w2020-06-25y1ZNo se presta c42836d42836